|
|
|
|
| LEADER |
00000nam a22000007a 4500 |
| 005 |
20151109120522.0 |
| 007 |
cr|||| ||u| |
| 008 |
151109s19932011-usq||pos|||| 0|||a1eng d |
| 022 |
|
|
|a 0037-8046
|
| 035 |
|
|
|a 2850
|
| 040 |
|
|
|a vLex
|
| 090 |
|
|
|c 5683
|d 5683
|
| 245 |
1 |
0 |
|a Social Work
|h [Recurso electrn̤ico] /
|c National Association of Social Workers
|
| 256 |
|
|
|a Servicio en ln̕ea
|
| 260 |
|
|
|a Estados Unidos
|b National Association of Social Workers
|c 1993-2011
|
| 300 |
|
|
|a 1 recurso electrn̤ico
|
| 310 |
|
|
|a Trimestral
|
| 500 |
|
|
|a Social Work is the premiere journal of the social work profession. Widely read by practitioners, faculty, and students, it is the official journal of NASW and is provided to all members as a membership benefit. Social Work is dedicated to improving practice and advancing knowledge in social work and social welfare. Its articles yield new insights into established practices, evaluate new techniques and research, examine current social problems, and bring serious critical analysis to bear on problems in the profession. Major emphasis is placed on social policy and the solutions to serious human problems.
|
| 506 |
1 |
|
|a Contenido solo disponible en los productos indicados
|d vLex Global
|d vLex Global (Academic Edition, excluding Law Schools)
|d vLex Global (U.S. Academic Edition, Law Schools)
|d vLex Global (U.S. Academic Edition, excluding Law Schools)
|d vLex Global (Academic Edition, Law Schools)
|
| 650 |
0 |
4 |
|a Trabajo Social
|z Estados Unidos
|
| 740 |
0 |
|
|a vLex revista (servicio en ln̕ea)
|
| 856 |
4 |
0 |
|u http://vlex.com/source/social-work-2850
|z Acceso restringido
|
| 942 |
|
|
|c REV
|
| 999 |
0 |
|
|a Social service
|